| 000 | 00468nam a2200157 i 4500 | ||
|---|---|---|---|
| 001 | 46291 | ||
| 003 | ES-MaACL | ||
| 005 | 20230906161346.0 | ||
| 007 | t| | ||
| 008 | 030328s1967 sp ||||1| spa d | ||
| 111 | 2 |
_aConcilio Vaticano ( _n2ยบ. _d1962-1965) _9122 |
|
| 245 | 1 | 0 |
_aEnciclopedia conciliar _b: Vaticano II : historia, doctrina, documentos. |
| 260 |
_a[Barcelona] : _bRegina, _c[1967] |
||
| 300 |
_a1470 p. ; _c18 cm. |
||
| 852 |
_aES-MaACL _jC-31734 _bR.62100 |
||
| 999 |
_c46291 _d46291 |
||